000 00820nam a22002297a 4500
005 20150707125921.0
010 _aBAC-EN21 ENG-111905
020 _a9780415843065
_c395.00
035 _aEN-95437
035 _aB-580232-250
037 _adpl
_bAakar/Ven
037 _aDBAD/PUB
082 _a327.54
245 _aIndian foreign policy in a unipolar world /
_cedited by Harsh V. Pant
260 _aNew Delhi
_bRoutledge
_c2013
270 _a912 Tolstoy House, 15-17 Tolstoy Marg, Connaught Place
_bNew Delhi
_e110001
300 _aviii,390p.
_c23cm(pbk)
500 _aIncludes bibliographical references and index
700 _aPant, Harsh V.
942 _2ddc
_cEN
_mIND
_h327.54
999 _c88958
_d88958